[Event "Vaujany op 15th"]
[Site "Vaujany"]
[Date "2024.07.12"]
[Round "2"]
[White "Womacka, Mathias"]
[Black "Prost, Frederic"]
[Result "1-0"]
[WhiteElo "2359"]
[BlackElo "2049"]
[PlyCount "103"]
[EventDate "2024.07.11"]
[EventType "swiss"]
[EventRounds "9"]
[EventCountry "FRA"]
[SourceTitle "EXT 2025"]
[Source "ChessBase"]
[SourceDate "2024.10.14"]
[SourceVersion "1"]
[SourceVersionDate "2024.10.14"]
[SourceQuality "1"]

1. e4 c5 2. Nf3 d6 3. d4 cxd4 4. Nxd4 Nf6 5. Nc3 Nc6 6. Bg5 g6 7. Bxf6 exf6 8. Bb5 Bd7 9. 0-0 Bg7 10. Nde2 a6 11. Ba4 b5 12. Bb3 b4 13. Na4 0-0 14. Qxd6 Bg4 15. Qxd8 Raxd8 16. Nf4 Nd4 17. h3 Bd7 18. Nd5 a5 19. Rfe1 f5 20. Ne7+ Kh8 21. exf5 Nxf5 22. Nxf5 Bxf5 23. Rad1 Bf6 24. c4 Kg7 25. c5 Rxd1 26. Rxd1 Be4 27. Rd7 Bc6 28. Rc7 Bxa4 29. Bxa4 Bxb2 30. g3 Be5 31. Ra7 Rc8 32. Rxa5 Rc7 33. c6 Bd6 34. Kf1 Kf6 35. Ke2 Ke7 36. Kd3 f5 37. Kc4 Ke6 38. Ra8 g5 39. Kb5 f4 40. g4 Ke5 41. Re8+ Be7 42. Bc2 Kd6 43. Be4 Bf6 44. Kxb4 Re7 45. Rxe7 Bxe7 46. Kb5 Kc7 47. Bxh7 Ba3 48. Be4 Bb2 49. Kc4 Ba3 50. Kd5 Kb6 51. Ke6 Kc7 52. Kf6 1-0

[Event "Vaujany op-A 6th"]
[Site "Vaujany"]
[Date "2015.07.11"]
[Round "3"]
[White "Prost, Frederic"]
[Black "Hebert, Jean"]
[Result "0-1"]
[WhiteElo "2100"]
[BlackElo "2362"]
[PlyCount "68"]
[EventDate "2015.07.09"]
[EventType "swiss"]
[EventRounds "9"]
[EventCountry "FRA"]
[SourceTitle "EXT 2017"]
[Source "ChessBase"]
[SourceDate "2016.10.25"]
[SourceVersion "1"]
[SourceVersionDate "2016.10.25"]
[SourceQuality "1"]

1. g3 e5 2. Bg2 d5 3. d4 e4 4. c4 c6 5. Nc3 h6 6. Bf4 Nf6 7. Bxb8 Rxb8 8. cxd5 cxd5 9. e3 Bd6 10. Nge2 0-0 11. 0-0 b5 12. Nf4 Bxf4 13. exf4 Bg4 14. Qd2 Qd7 15. Nd1 Bxd1 16. Rfxd1 Rfe8 17. Re1 b4 18. f3 h5 19. Rac1 h4 20. fxe4 dxe4 21. Rc5 h3 22. Bf1 Red8 23. Rc4 a5 24. Qe2 Rb6 25. Rd1 Rd6 26. Kh1 Re8 27. Rdc1 e3 28. Rc7 Qe6 29. Re1 Rxd4 30. Qf3 Qxa2 31. Bxh3 Qxb2 32. Rc8 Rxc8 33. Bxc8 Rd2 34. h4 Rh2+ 0-1

[Event "Vaujany op-A 6th"]
[Site "Vaujany"]
[Date "2015.07.09"]
[Round "1"]
[White "Prost, Frederic"]
[Black "Horvath, Jozsef"]
[Result "0-1"]
[WhiteElo "2087"]
[BlackElo "2538"]
[PlyCount "56"]
[EventDate "2015.07.09"]
[EventType "swiss"]
[EventRounds "9"]
[EventCountry "FRA"]
[SourceTitle "EXT 2016"]
[Source "ChessBase"]
[SourceDate "2015.10.08"]
[SourceVersion "1"]
[SourceVersionDate "2015.10.08"]
[SourceQuality "1"]

1. g3 d5 2. Bg2 c6 3. Nf3 Nf6 4. 0-0 Bg4 5. d3 Nbd7 6. c4 e6 7. Nbd2 Bd6 8. b3 0-0 9. Bb2 Qe7 10. Re1 Rfd8 11. Qc2 Ba3 12. h3 Bh5 13. g4 Bg6 14. Nh4 a5 15. f4 a4 16. Rab1 axb3 17. axb3 Bxb2 18. Qxb2 Nc5 19. Nxg6 hxg6 20. d4 Na6 21. c5 Qc7 22. Rf1 Nb4 23. Qc3 Na2 24. Qe3 Qa5 25. Rb2 Qb4 26. g5 Nd7 27. Ra1 Nc3 28. Rc1 Nxe2+ 0-1

[Event "Vaujany op 4th"]
[Site "Vaujany"]
[Date "2013.07.16"]
[Round "6"]
[White "Joie, Sebastien"]
[Black "Prost, Frederic"]
[Result "1-0"]
[WhiteElo "2387"]
[BlackElo "2128"]
[PlyCount "79"]
[EventDate "2013.07.11"]
[EventType "swiss"]
[EventRounds "9"]
[EventCountry "FRA"]
[SourceTitle "EXT 2014"]
[Source "ChessBase"]
[SourceDate "2013.11.20"]
[SourceVersion "1"]
[SourceVersionDate "2013.11.20"]
[SourceQuality "1"]

1. Nf3 c5 2. b3 Nc6 3. Bb2 d5 4. e3 a6 5. d4 cxd4 6. Nxd4 Nf6 7. c4 Bg4 8. f3 Bd7 9. Nc3 dxc4 10. Bxc4 e6 11. Rc1 Be7 12. 0-0 0-0 13. Kh1 Qa5 14. Qe1 Qh5 15. Nxc6 Bxc6 16. e4 Bd6 17. f4 Bb4 18. Bd3 Rad8 19. Rf3 Rd7 20. a3 Ba5 21. Rg3 e5 22. fxe5 Ng4 23. h3 Rfd8 24. Be2 Rd2 25. Rxg4 Qxe5 26. Ba1 Bc7 27. g3 h5 28. Nd5 Qe6 29. Rxg7+ Kf8 30. Qxd2 Qxh3+ 31. Kg1 Bb6+ 32. Bd4 Rxd5 33. exd5 Bxd5 34. Rc8+ Qxc8 35. Qb4+ Bc5 36. Qxc5+ Qxc5 37. Rxf7+ Kxf7 38. Bxh5+ Kg8 39. Bxc5 Bxb3 40. Bf3 1-0

[Event "FRA-ch op-A"]
[Site "Belfort"]
[Date "2010.08.20"]
[Round "10"]
[White "Ferry, Roger"]
[Black "Prost, Frederic"]
[Result "1-0"]
[WhiteElo "2063"]
[BlackElo "2122"]
[PlyCount "83"]
[EventDate "2010.08.09"]
[EventType "swiss"]
[EventRounds "11"]
[EventCountry "FRA"]
[SourceTitle "CBM 138 Extra"]
[Source "ChessBase"]
[SourceDate "2010.10.29"]
[SourceVersion "1"]
[SourceVersionDate "2010.10.29"]
[SourceQuality "1"]

1. d4 d5 2. Nf3 c5 3. dxc5 e6 4. e3 Bxc5 5. Be2 Nf6 6. 0-0 0-0 7. Nbd2 Nc6 8. Nb3 Bd6 9. Nbd2 Qe7 10. b3 e5 11. Bb2 e4 12. Nd4 Qe5 13. g3 Qg5 14. Nxc6 bxc6 15. Bxf6 Qxf6 16. c4 Qg5 17. Nxe4 dxe4 18. Qxd6 Bh3 19. Rfd1 Rac8 20. Rd2 Rcd8 21. Qb4 a5 22. Qc3 Rxd2 23. Qxd2 Rd8 24. Qc2 Qe5 25. Rd1 Rxd1+ 26. Qxd1 h6 27. Qd4 Qe7 28. c5 f5 29. f4 exf3 30. Bxf3 f4 31. gxf4 Qh4 32. Qd1 Qe7 33. Qc1 Qf6 34. Kf2 Qh4+ 35. Ke2 Be6 36. Qd2 Qxh2+ 37. Kd3 Qg1 38. Bxc6 Bf5+ 39. Kc4 Qf1+ 40. Kd5 h5 41. Kd6 h4 42. Qd5+ 1-0

[Event "FRA-ch op-A"]
[Site "Belfort"]
[Date "2010.08.19"]
[Round "9"]
[White "Prost, Frederic"]
[Black "Franck, Boris"]
[Result "1/2-1/2"]
[WhiteElo "2122"]
[BlackElo "2086"]
[PlyCount "124"]
[EventDate "2010.08.09"]
[EventType "swiss"]
[EventRounds "11"]
[EventCountry "FRA"]
[SourceTitle "CBM 138 Extra"]
[Source "ChessBase"]
[SourceDate "2010.10.29"]
[SourceVersion "1"]
[SourceVersionDate "2010.10.29"]
[SourceQuality "1"]

1. d4 g6 2. Bg5 Bg7 3. c3 c5 4. e3 cxd4 5. exd4 Qb6 6. Qb3 Qxb3 7. axb3 b6 8. Na3 Kd8 9. Nf3 Bb7 10. Be2 Kc8 11. 0-0 d6 12. Rfe1 h6 13. Bd2 a6 14. Nc4 Nd7 15. Bd1 Kc7 16. h3 Ndf6 17. Nh2 g5 18. Nf1 e6 19. Ng3 Ne7 20. Ne3 Ng6 21. Ng4 Nd7 22. Nh5 Bf8 23. g3 Be7 24. Ne3 Nf6 25. Nxf6 Bxf6 26. Bc2 Ne7 27. Bd3 h5 28. Nc2 Nc6 29. b4 b5 30. Rad1 Ne7 31. Ne3 Rac8 32. Bf1 Kb6 33. Ra1 Rhg8 34. Bg2 Bxg2 35. Kxg2 d5 36. Nf1 Nf5 37. Be3 Nd6 38. Nd2 Nc4 39. Nb3 Ra8 40. Nc5 Rgd8 41. Ra2 Ra7 42. Rea1 Rda8 43. b3 Nd6 44. f3 Be7 45. Bc1 Nb7 46. Nd7+ Kc7 47. Ne5 f6 48. Nd3 a5 49. bxa5 Rxa5 50. Rxa5 Rxa5 51. Rxa5 Nxa5 52. b4 Nc4 53. f4 g4 54. hxg4 hxg4 55. Nf2 f5 56. Nd3 Bd6 57. Kf2 Nb6 58. Bd2 Nd7 59. Be1 Nf6 60. Kg2 Ne4 61. Kf1 Kc6 62. Ke2 Kb6 1/2-1/2

[Event "FRA-ch op-A"]
[Site "Belfort"]
[Date "2010.08.18"]
[Round "8"]
[White "Leroy, Olivier"]
[Black "Prost, Frederic"]
[Result "1/2-1/2"]
[WhiteElo "2085"]
[BlackElo "2122"]
[PlyCount "43"]
[EventDate "2010.08.09"]
[EventType "swiss"]
[EventRounds "11"]
[EventCountry "FRA"]
[SourceTitle "CBM 138 Extra"]
[Source "ChessBase"]
[SourceDate "2010.10.29"]
[SourceVersion "1"]
[SourceVersionDate "2010.10.29"]
[SourceQuality "1"]

1. e4 c5 2. Nf3 d6 3. d4 cxd4 4. Nxd4 Nf6 5. Nc3 g6 6. Be3 Bg7 7. f3 0-0 8. Qd2 Nc6 9. Bc4 Bd7 10. Bb3 Qa5 11. 0-0-0 Rfc8 12. g4 Ne5 13. h4 b5 14. h5 Nc4 15. Bxc4 bxc4 16. Bh6 Bh8 17. Nf5 Bxf5 18. gxf5 Nxh5 19. Rxh5 Bxc3 20. Qxc3 Qxc3 21. bxc3 gxh5 22. Rg1+ 1/2-1/2

[Event "FRA-ch op-A"]
[Site "Belfort"]
[Date "2010.08.15"]
[Round "6"]
[White "Achereiner, Guillaume"]
[Black "Prost, Frederic"]
[Result "1/2-1/2"]
[WhiteElo "2028"]
[BlackElo "2122"]
[PlyCount "108"]
[EventDate "2010.08.09"]
[EventType "swiss"]
[EventRounds "11"]
[EventCountry "FRA"]
[SourceTitle "CBM 138 Extra"]
[Source "ChessBase"]
[SourceDate "2010.10.29"]
[SourceVersion "1"]
[SourceVersionDate "2010.10.29"]
[SourceQuality "1"]

1. d4 d5 2. c4 e6 3. Nc3 c5 4. cxd5 cxd4 5. Qa4+ Bd7 6. Qxd4 exd5 7. Qxd5 Nc6 8. Nf3 Nf6 9. Qd1 Bc5 10. e3 Qe7 11. Be2 0-0-0 12. 0-0 g5 13. b4 Bxb4 14. Bb2 Rhg8 15. a3 Bc5 16. Nb5 Ne4 17. Nbd4 Kb8 18. Qc2 Rc8 19. Nxc6+ Rxc6 20. Qd3 Bc8 21. Nd4 Rb6 22. Rab1 f5 23. Ba1 Ka8 24. Rxb6 Bxb6 25. Qc4 Re8 26. Rc1 Bd7 27. Bh5 Rf8 28. Bf3 g4 29. Bxe4 fxe4 30. Nb5 Bc6 31. Bd4 Qf7 32. Qxf7 Rxf7 33. Bxb6 axb6 34. Nd4 Rd7 35. Kf1 Rd6 36. Ke2 Rh6 37. Rh1 Kb8 38. h4 Kc7 39. g3 Rf6 40. Rb1 Rd6 41. Rb4 Bd7 42. a4 Rd5 43. Nb5+ Bxb5+ 44. axb5 Re5 45. Kd2 Kd6 46. Rc4 h5 47. Kc3 Rc5 48. Kd4 Rxc4+ 49. Kxc4 Ke5 50. Kb3 Kd6 51. Kc4 Ke5 52. Kb3 Kd5 53. Kb4 Kd6 54. Kc4 Ke5 1/2-1/2

[Event "FRA-chT2 0910"]
[Site "France"]
[Date "2010.01.24"]
[Round "7.4"]
[White "Cau, Benjamin"]
[Black "Prost, Frederic"]
[Result "1-0"]
[WhiteElo "2156"]
[BlackElo "2124"]
[PlyCount "105"]
[EventDate "2009.09.27"]
[EventType "team-tourn"]
[EventRounds "11"]
[EventCountry "FRA"]
[SourceTitle "EXT 2011"]
[Source "ChessBase"]
[SourceDate "2010.11.26"]
[SourceVersion "1"]
[SourceVersionDate "2010.11.26"]
[SourceQuality "1"]

1. e4 d5 2. exd5 Qxd5 3. Nc3 Qd6 4. d4 Nf6 5. Nf3 a6 6. g3 b5 7. Bg2 Bb7 8. 0-0 e6 9. a4 b4 10. Ne2 Nbd7 11. c4 c5 12. Bf4 Qb6 13. b3 Bd6 14. Be3 0-0 15. h3 Rfd8 16. Nc1 Qc7 17. Nd3 cxd4 18. Nxd4 Nc5 19. Nxb4 Bxg2 20. Kxg2 Qb7+ 21. Qf3 Qxb4 22. Nc6 Qxb3 23. Nxd8 Rxd8 24. Rfd1 Nfe4 25. Rab1 Qxa4 26. Bxc5 Nxc5 27. Rxd6 Rf8 28. Rbd1 Qxc4 29. Rd8 Qe4 30. Qxe4 Nxe4 31. Rxf8+ Kxf8 32. Ra1 g6 33. Rxa6 Kg7 34. Kf3 Nf6 35. Kf4 h6 36. Ke5 Nd5 37. Ra8 Nb4 38. Kd6 Nd5 39. Ra3 Nf6 40. Rf3 Ne4+ 41. Ke7 f6 42. Rf4 f5 43. Rxe4 fxe4 44. Kxe6 g5 45. Kf5 Kf7 46. Kxe4 Ke6 47. f4 gxf4 48. gxf4 Kf6 49. f5 Kf7 50. Ke5 h5 51. h4 Ke7 52. f6+ Kf8 53. Kf4 1-0

[Event "FRA-chT2 0910"]
[Site "France"]
[Date "2009.10.18"]
[Round "3.1"]
[White "Prost, Frederic"]
[Black "Anka, Emil"]
[Result "0-1"]
[WhiteElo "2141"]
[BlackElo "2384"]
[PlyCount "85"]
[EventDate "2009.09.27"]
[EventType "team-tourn"]
[EventRounds "11"]
[EventCountry "FRA"]
[SourceTitle "EXT 2011"]
[Source "ChessBase"]
[SourceDate "2010.11.26"]
[SourceVersion "1"]
[SourceVersionDate "2010.11.26"]
[SourceQuality "1"]

1. d4 c5 2. d5 e6 3. e4 exd5 4. exd5 d6 5. Nc3 Nf6 6. Nf3 Be7 7. Be2 0-0 8. 0-0 Na6 9. h3 Nc7 10. a4 b6 11. Nh2 Bb7 12. Bf3 a6 13. Re1 b5 14. Ng4 Nxg4 15. hxg4 Re8 16. Bf4 b4 17. Ne2 Bf6 18. Rb1 Qd7 19. c4 Re7 20. Qc2 Rae8 21. Bd2 Bc8 22. b3 Qd8 23. Ng3 Rxe1+ 24. Rxe1 Rxe1+ 25. Bxe1 Be5 26. Nf1 Ne8 27. Bd2 g6 28. g5 Ng7 29. Be4 Nf5 30. Bxf5 Bxf5 31. Qc1 Qe7 32. Be3 a5 33. Nd2 Bc3 34. Nf1 Be5 35. Nd2 Kf8 36. Nf1 Ke8 37. Nd2 Bc3 38. Nf1 Qe4 39. Ng3 Qd3 40. Nxf5 gxf5 41. Bf4 Bd4 42. Bxd6 Kd7 43. Bg3 0-1

[Event "FRA-chT2 0910"]
[Site "France"]
[Date "2009.10.17"]
[Round "2.4"]
[White "Prost, Frederic"]
[Black "Reichstein, Hans Joerg"]
[Result "1/2-1/2"]
[WhiteElo "2141"]
[BlackElo "2080"]
[PlyCount "109"]
[EventDate "2009.09.27"]
[EventType "team-tourn"]
[EventRounds "11"]
[EventCountry "FRA"]
[SourceTitle "EXT 2011"]
[Source "ChessBase"]
[SourceDate "2010.11.26"]
[SourceVersion "1"]
[SourceVersionDate "2010.11.26"]
[SourceQuality "1"]

1. d4 Nf6 2. c4 e6 3. Nf3 Bb4+ 4. Nbd2 0-0 5. a3 Be7 6. g3 b6 7. Bg2 Bb7 8. 0-0 d6 9. b4 Nbd7 10. Bb2 Re8 11. Qc2 c5 12. e4 Qc7 13. bxc5 bxc5 14. d5 exd5 15. exd5 Bf8 16. h3 g6 17. Ng5 Bg7 18. Rab1 Re7 19. f4 Rae8 20. g4 Re2 21. Bf3 R2e3 22. Kf2 Ba6 23. Qa4 Qc8 24. Qc2 Nb6 25. a4 h6 26. a5 Nbd7 27. Nge4 Nxe4+ 28. Nxe4 Bd4 29. Bxd4 cxd4 30. Nxd6 d3 31. Nxc8 dxc2 32. Rbc1 Bxc8 33. Rxc2 Nc5 34. Rb1 Nb3 35. Rd1 Nc5 36. d6 Bd7 37. Rd5 Nd3+ 38. Rxd3 Rxd3 39. c5 Ree3 40. Bg2 Rc3 41. Rb2 Red3 42. Ke2 Rg3 43. Kf2 Rxg2+ 44. Kxg2 Rxc5 45. Kg3 Rxa5 46. Rb7 Bc6 47. d7 Bxd7 48. Rxd7 Ra3+ 49. Kg2 Kg7 50. Rc7 a5 51. Ra7 g5 52. f5 Kf6 53. Rc7 a4 54. Rc6+ Ke5 55. Rc7 1/2-1/2

[Event "Saint Affrique op 17th"]
[Site "Saint Affrique"]
[Date "2009.07.20"]
[Round "4"]
[White "Prost, Frederic"]
[Black "Gozzoli, Yannick"]
[Result "0-1"]
[WhiteElo "2147"]
[BlackElo "2498"]
[PlyCount "42"]
[EventDate "2009.07.18"]
[EventType "swiss"]
[EventRounds "9"]
[EventCountry "FRA"]
[SourceTitle "EXT 2010"]
[Source "ChessBase"]
[SourceDate "2010.11.25"]
[SourceVersion "1"]
[SourceVersionDate "2010.11.25"]
[SourceQuality "1"]

1. d4 d5 2. c4 e6 3. Nc3 c6 4. e3 Nf6 5. Nf3 Nbd7 6. Qc2 Bd6 7. g4 0-0 8. g5 Ne4 9. Nxe4 dxe4 10. Nd2 f5 11. gxf6 Nxf6 12. c5 Bc7 13. Nxe4 Nxe4 14. Qxe4 Ba5+ 15. Kd1 Rxf2 16. Bc4 Qg5 17. Be2 e5 18. Rf1 Bf5 19. Qxe5 Rxf1+ 20. Bxf1 Qg4+ 21. Be2 Qg1+ 0-1

[Event "Val Thorens op 34th"]
[Site "Val Thorens"]
[Date "2008.07.20"]
[Round "2"]
[White "Prost, Frederic"]
[Black "Stets, Dmitry"]
[Result "0-1"]
[WhiteElo "2100"]
[BlackElo "2419"]
[PlyCount "126"]
[EventDate "2008.07.19"]
[EventType "swiss"]
[EventRounds "9"]
[EventCountry "FRA"]
[SourceTitle "EXT 2009"]
[Source "ChessBase"]
[SourceDate "2008.11.26"]
[SourceVersion "1"]
[SourceVersionDate "2008.11.26"]
[SourceQuality "1"]

1. e4 c5 2. Nf3 d6 3. d4 Nf6 4. Nc3 cxd4 5. Qxd4 Bd7 6. Bg5 Nc6 7. Qd2 a6 8. Bd3 e6 9. 0-0 Be7 10. Rad1 Qc7 11. Rfe1 0-0 12. e5 Nxe5 13. Nxe5 dxe5 14. Bxf6 Bxf6 15. Bxh7+ Kxh7 16. Qxd7 Rac8 17. Qd3+ Kg8 18. Ne4 Be7 19. c3 f5 20. Ng3 Rcd8 21. Qe2 Bd6 22. Qc2 b5 23. Qb3 Rde8 24. Re2 e4 25. Nf1 Bc5 26. Ng3 g6 27. a4 Qb6 28. axb5 axb5 29. Kf1 Rd8 30. Red2 Kg7 31. Qc2 Rxd2 32. Qxd2 Be7 33. Qd4+ Qxd4 34. Rxd4 Ra8 35. Ke2 Ra2 36. Rd2 b4 37. b3 Ra3 38. cxb4 Rxb3 39. Rc2 Bxb4 40. Nf1 Kf6 41. Nd2 Ra3 42. Nc4 Ra1 43. Nd2 g5 44. f3 Rg1 45. Kf2 Rd1 46. Nf1 exf3 47. gxf3 Rd5 48. h3 Bc5+ 49. Kg2 Bd6 50. Re2 Rd1 51. Rc2 Bf4 52. Ra2 Rb1 53. Rc2 Ke5 54. Re2+ Kd5 55. Ra2 Kd4 56. Re2 Rb6 57. Ra2 Rc6 58. Re2 Kd3 59. Ra2 Rc2+ 60. Rxc2 Kxc2 61. Kf2 Kd1 62. Ne3+ Bxe3+ 63. Kxe3 e5 0-1

[Event "FRA-chT2 South 0607"]
[Site "France"]
[Date "2007.01.21"]
[Round "6.4"]
[White "Oliveira, Sancho"]
[Black "Prost, Frederic"]
[Result "1/2-1/2"]
[WhiteElo "2218"]
[BlackElo "2123"]
[PlyCount "120"]
[EventDate "2006.10.15"]
[EventType "team-tourn"]
[EventRounds "11"]
[EventCountry "FRA"]
[SourceTitle "EXT 2008"]
[Source "ChessBase"]
[SourceDate "2007.11.25"]
[SourceVersion "1"]
[SourceVersionDate "2007.11.25"]
[SourceQuality "1"]
[WhiteTeam "Nice"]
[BlackTeam "Grenoble"]
[WhiteTeamCountry "FRA"]
[BlackTeamCountry "FRA"]

1. e4 g6 2. d4 Bg7 3. Nc3 d6 4. f4 a6 5. Be3 Nd7 6. Nf3 b5 7. e5 e6 8. a4 b4 9. Ne4 Bb7 10. Bd3 Nb6 11. 0-0 Nd5 12. Bd2 Nge7 13. Qe1 0-0 14. c4 bxc3 15. bxc3 a5 16. g4 h6 17. Qh4 f5 18. exf6 Nxf6 19. Rae1 Nxe4 20. Bxe4 Bxe4 21. Rxe4 Nd5 22. Qg3 Qd7 23. Nh4 Qf7 24. f5 exf5 25. gxf5 g5 26. Ng6 Rfe8 27. Rxe8+ Rxe8 28. h4 Nf6 29. hxg5 Ne4 30. Qg2 hxg5 31. Bxg5 Nxc3 32. f6 Ne2+ 33. Kh2 Qxg6 34. f7+ Qxf7 35. Rxf7 Kxf7 36. Qd5+ Kg6 37. Qc6 Rh8+ 38. Kg2 Kxg5 39. Qb5+ Kg6 40. Qxe2 Rh5 41. Qc2+ Rf5 42. Kg3 Kg5 43. Qc1+ Kg6 44. Qxc7 Bxd4 45. Qxd6+ Bf6 46. Qd3 Kg5 47. Qe3+ Kh5 48. Qe8+ Kh6 49. Kg4 Rg5+ 50. Kf4 Kg7 51. Qd7+ Kg6 52. Qb7 Re5 53. Qd7 Rg5 54. Ke4 Re5+ 55. Kd3 Rg5 56. Kc4 Re5 57. Qc8 Kf7 58. Qc7+ Ke6 59. Qh7 Rg5 60. Qe4+ Re5 1/2-1/2

[Event "FRA-chT2C 0506"]
[Site "France"]
[Date "2006.04.01"]
[Round "10.7"]
[White "Lassabe, Nicolas"]
[Black "Prost, Frederic"]
[Result "1/2-1/2"]
[WhiteElo "1900"]
[BlackElo "2163"]
[PlyCount "47"]
[EventDate "2005.10.27"]
[EventType "team-tourn"]
[EventRounds "11"]
[EventCountry "FRA"]
[SourceTitle "EXT 2006"]
[Source "ChessBase"]
[SourceDate "2005.11.24"]
[SourceVersion "1"]
[SourceVersionDate "2005.11.24"]
[SourceQuality "1"]

1. e4 c5 2. Nf3 e6 3. d4 cxd4 4. Nxd4 a6 5. Nc3 Qc7 6. g4 Bb4 7. Bd2 Nc6 8. Nxc6 bxc6 9. f4 d5 10. exd5 cxd5 11. Bd3 Ne7 12. Qe2 Bb7 13. Rf1 d4 14. Ne4 Bxd2+ 15. Qxd2 Nd5 16. 0-0-0 Ne3 17. Qb4 Bxe4 18. Bxe4 Rb8 19. Bc6+ Qxc6 20. Qxb8+ Ke7 21. Qa7+ Ke8 22. Qb8+ Ke7 23. Qa7+ Ke8 24. Qb8+ 1/2-1/2

[Event "FRA-chT2C 0506"]
[Site "France"]
[Date "2005.11.20"]
[Round "3.5"]
[White "Scandella, Thierry"]
[Black "Prost, Frederic"]
[Result "1/2-1/2"]
[WhiteElo "2106"]
[BlackElo "2170"]
[PlyCount "121"]
[EventDate "2005.10.27"]
[EventType "team-tourn"]
[EventRounds "11"]
[EventCountry "FRA"]
[SourceTitle "EXT 2006"]
[Source "ChessBase"]
[SourceDate "2005.11.24"]
[SourceVersion "1"]
[SourceVersionDate "2005.11.24"]
[SourceQuality "1"]

1. d4 g6 2. Nf3 Bg7 3. c3 Nf6 4. Bf4 d6 5. h3 0-0 6. e3 Nbd7 7. Be2 c5 8. 0-0 b6 9. Nbd2 Bb7 10. Qb3 Qc7 11. Bc4 Qc6 12. Bb5 Qc8 13. Rfd1 a6 14. Bf1 b5 15. a4 Bd5 16. Qc2 Qb7 17. axb5 axb5 18. Re1 Ne4 19. Nxe4 Bxe4 20. Qe2 c4 21. Nd2 Bd3 22. Qf3 Qxf3 23. Nxf3 Bxf1 24. Kxf1 e5 25. Bg3 f6 26. Nd2 f5 27. Ke2 g5 28. f3 exd4 29. exd4 f4 30. Bf2 d5 31. Rxa8 Rxa8 32. Kd1 Kf7 33. Nb1 Bf8 34. h4 h6 35. hxg5 hxg5 36. Rh1 Nf6 37. g3 Bd6 38. gxf4 Bxf4 39. Rg1 Kg6 40. Na3 Rb8 41. Nc2 Kf5 42. Re1 Bd6 43. Ne3+ Kg6 44. Nxd5 Nxd5 45. Re6+ Kf5 46. Rxd6 Nf4 47. Bg3 Rb7 48. Bxf4 Kxf4 49. Rf6+ Ke3 50. Kc2 b4 51. cxb4 Kxd4 52. Rf5 Rxb4 53. Rxg5 Rb3 54. Rg4+ Kd5 55. Rf4 Re3 56. Rf8 Re2+ 57. Kc3 Re3+ 58. Kd2 Rb3 59. Kc2 Re3 60. Rd8+ Kc5 61. Rf8 1/2-1/2

[Event "FRA-chT2C 0506"]
[Site "France"]
[Date "2005.10.16"]
[Round "1.7"]
[White "Benassayag, Lucas"]
[Black "Prost, Frederic"]
[Result "1-0"]
[WhiteElo "2017"]
[BlackElo "2109"]
[PlyCount "91"]
[EventDate "2005.10.27"]
[EventType "team-tourn"]
[EventRounds "11"]
[EventCountry "FRA"]
[SourceTitle "EXT 2006"]
[Source "ChessBase"]
[SourceDate "2005.11.24"]
[SourceVersion "1"]
[SourceVersionDate "2005.11.24"]
[SourceQuality "1"]

1. e4 g6 2. d4 Bg7 3. Nc3 d6 4. g3 Nf6 5. Bg2 0-0 6. Nge2 Nc6 7. h3 e5 8. Be3 h6 9. 0-0 Kh7 10. g4 h5 11. g5 Nd7 12. dxe5 Ndxe5 13. b3 f5 14. gxf6 Qxf6 15. f4 Nf7 16. Rc1 Qh4 17. Bf2 Qd8 18. Nd5 Be6 19. f5 gxf5 20. exf5 Bxd5 21. Bxd5 Qg5+ 22. Kh2 Rae8 23. Be6 Nfe5 24. Ng3 Rxe6 25. fxe6 Nf3+ 26. Kh1 Qh4 27. Kg2 Qf4 28. Qd3+ Kg8 29. Be3 Qf6 30. Nxh5 Qxe6 31. Qc4 d5 32. Qg4 Qxg4+ 33. hxg4 Nh4+ 34. Kg3 Ng6 35. Nxg7 Kxg7 36. Rxf8 Kxf8 37. Rd1 Nce7 38. Bxa7 c6 39. c4 Kf7 40. Bd4 Ke6 41. Rf1 dxc4 42. bxc4 Kd7 43. Rf6 Kc7 44. Bc5 Kd7 45. Bxe7 Nxe7 46. g5 1-0

[Event "FRA-chT2 0405"]
[Site "France"]
[Date "2005.04.02"]
[Round "10.7"]
[White "Scandella, Thierry"]
[Black "Prost, Frederic"]
[Result "0-1"]
[WhiteElo "2190"]
[BlackElo "2175"]
[PlyCount "72"]
[EventDate "2004.10.10"]
[EventType "team-tourn"]
[EventRounds "11"]
[EventCountry "FRA"]
[SourceTitle "EXT 2006"]
[Source "ChessBase"]
[SourceDate "2005.11.24"]
[SourceVersion "1"]
[SourceVersionDate "2005.11.24"]
[SourceQuality "1"]

1. d4 g6 2. Nf3 Bg7 3. e4 d5 4. e5 Bg4 5. Nbd2 c5 6. c3 cxd4 7. cxd4 e6 8. h3 Bxf3 9. Nxf3 Nc6 10. Be2 Nge7 11. 0-0 Qb6 12. Qa4 0-0 13. Bd2 Nf5 14. Bc3 f6 15. exf6 Bxf6 16. Rad1 a6 17. Rfe1 Rae8 18. Rd2 Qc7 19. Qd1 Qg7 20. b4 Nd6 21. Bd3 b5 22. Qa1 Nc4 23. Rde2 Qd7 24. Qd1 Nb6 25. Bc2 Bd8 26. Qd2 Bc7 27. Qh6 Re7 28. Qh4 Qd6 29. Ne5 Nxe5 30. Rxe5 Nc4 31. Rg5 Rg7 32. Rg3 Rf4 33. Qh6 Rxf2 34. Rxg6 hxg6 35. Bxg6 Qg3 36. Be4 Rxg2+ 0-1

[Event "FRA-chT2 0304a"]
[Site "France"]
[Date "2004.04.04"]
[Round "11.2"]
[White "Sarno, Spartaco"]
[Black "Prost, Frederic"]
[Result "1/2-1/2"]
[WhiteElo "2401"]
[BlackElo "2167"]
[PlyCount "80"]
[EventDate "2003.10.??"]
[EventType "team-tourn"]
[EventRounds "11"]
[EventCountry "FRA"]
[SourceTitle "EXT 2005"]
[Source "ChessBase"]
[SourceDate "2004.11.15"]
[SourceVersion "1"]
[SourceVersionDate "2004.11.15"]
[SourceQuality "1"]
[WhiteTeam "Antibes"]
[BlackTeam "Grenoble"]
[WhiteTeamCountry "FRA"]
[BlackTeamCountry "FRA"]

1. c4 g6 2. g3 Bg7 3. Bg2 f5 4. Nc3 Nf6 5. e3 0-0 6. Nge2 e5 7. 0-0 Nc6 8. d3 d6 9. Rb1 Be6 10. b4 d5 11. b5 Ne7 12. Ba3 Re8 13. Qc2 dxc4 14. dxc4 e4 15. Rfd1 Qc8 16. Nf4 Bf7 17. Ncd5 Nexd5 18. Nxd5 Nxd5 19. cxd5 Rd8 20. f3 Rxd5 21. fxe4 Rxd1+ 22. Rxd1 fxe4 23. Qxe4 Rb8 24. Rd2 a6 25. bxa6 bxa6 26. Bf1 Qe6 27. Qxe6 Bxe6 28. Rc2 Rb1 29. Kf2 Ra1 30. Bxa6 Rxa2 31. Rxa2 Bxa2 32. Ke2 Kf7 33. Kd3 Bb1+ 34. Kc4 Be4 35. Bc5 Be5 36. Bd4 Bd6 37. Bc5 Bd3+ 38. Kxd3 Bxc5 39. Bc4+ Kf6 40. Ke4 h6 1/2-1/2